The Dead Sea scrolls and the Bible. (Record no. 2494)

000 -LEADER
fixed length control field 00648nam a2200205 a 4500
001 - CONTROL NUMBER
control field :::00000219$&:&@@
003 - CONTROL NUMBER IDENTIFIER
control field OkBaRHE
005 - DATE AND TIME OF LATEST TRANSACTION
control field 20000607103237.0
008 - FIXED-LENGTH DATA ELEMENTS--GENERAL INFORMATION
fixed length control field s1986 j 000 0 eng u
040 ## - CATALOGING SOURCE
Transcribing agency
100 1# - MAIN ENTRY--PERSONAL NAME
Personal name Pfeiffer, Charles F.
245 14 - TITLE STATEMENT
Title The Dead Sea scrolls and the Bible.
250 ## - EDITION STATEMENT
Edition statement [Enl. ed.]
260 ## - PUBLICATION, DISTRIBUTION, ETC. (IMPRINT)
Place of publication, distribution, etc Grand Rapids, MI., :
Name of publisher, distributor, etc Baker Book House
Date of publication, distribution, etc 1986
300 ## - PHYSICAL DESCRIPTION
Extent 152 p. : illus., facsims. ;
Dimensions 22 cm.
490 0# - SERIES STATEMENT
Series statement Baker studies in biblical archaeology, 7.
650 ## - SUBJECT ADDED ENTRY--TOPICAL TERM
Topical term or geographic name as entry element Dead Sea Scrolls
942 ## - ADDED ENTRY ELEMENTS (KOHA)
Source of classification or shelving scheme
Koha item type Books
Copies
Copy number Lost status Date acquired Barcode Source of classification or shelving scheme Damaged status Full call number Price effective from Koha item type Shelving location Permanent Location Not for loan Date last seen Withdrawn status
1 2010-04-14219  BM 487 .P452010-04-14BooksGeneral StacksRHEMA Bible Training College 2010-04-14